00802nam a2200193 a 450000100060000000300090000600800410001504000280005608200150008410000460009924500700014526000610021530000100027659001190028665000240040594200120042999900170044195201500045812291CO-ViMGA141112s2004 ck r 000 u spa d aCO-ViMGAbspacCO-ViMGA04a615.8 K56f1 aKnott ; Margaret, Voss Dorothy e, 91752610aFacilitación Neuromuscular Propioceptiva : bpatrones yTecnicas aBuenos Aires : bEditorial Medica panAméricana, c1978 a413p. aForma de adquisición : DONACION - - Proveedor : Dr. RAFAEL SALAMANCA - - Fecha de adquisición : 31 - 01 - 200114aFISIOTERAPIA953971 2ddccBK c23303d23303 01102ddc40708002aMEVIECARbMEVIECARd2015-12-04hVolumen. 1 | 11/jun/2009l0o615.8 K56f p12291r2015-12-04 00:00:00tEj. 1w2015-12-04yBK